000 00863nam a22002297a 4500
999 _c64391
_d64391
005 20240530110729.0
008 150422s2010 ua a g 000 0 ara d
017 _a2005/17681
_bمصر . دار الكتب المصرية
020 _a9774080238
040 _aEG-CaGPL
082 0 4 _221
_a005.133\
_bأ ب
100 1 _aاورمان ، سكوت
245 1 0 _aبرمجة بي ال اس كيوال فى قواعد بيانات اوراكل 10 جى /
_cسكوت اورمان
250 _aط1.
260 _aالقاهرة :
_bدار الفاروق للنشر والتوزيع ،
_c2006 .
300 _a976 ص. ؛
_c24 سم.
650 0 4 _aاوراكل 10 جى
650 0 4 _aالحاسبات الالكترونية
_xبرامج
710 0 _aقسم الترجمة بدار الفاروق
942 _2ddc
_cBK